[Event "2.BLO 1516 Bad Mergentheim - Nickelhüt"]
[Site "?"]
[Date "2016.03.12"]
[Round "3.3"]
[White "Meijers, Viesturs"]
[Black "Ivanov, Mikail"]
[Result "1/2-1/2"]
[WhiteElo "2434"]
[BlackElo "2397"]
[PlyCount "76"]
[EventDate "2016.??.??"]

1. Nf3 d5 2. d4 Nf6 3. g3 c6 4. Bg2 Bf5 5. O-O h6 6. c4 e6 7. Nc3 Nbd7 8. Qb3
Qb6 9. c5 Qxb3 10. axb3 a6 11. b4 Rc8 12. h4 Be7 13. Re1 Ne4 14. Nd2 Nxd2 15.
Bxd2 O-O 16. f3 Bf6 17. Be3 e5 18. Rad1 Rfe8 19. Bf2 exd4 20. Bxd4 h5 21. Bxf6
Nxf6 22. e4 dxe4 23. fxe4 Bg4 24. Rd6 Re5 25. Re3 Bf5 26. Red3 Bg6 27. Rd8+ Re8
28. Rxc8 Rxc8 29. Bf3 Re8 30. Rd4 Re7 31. Kf2 Nd7 32. Ne2 a5 33. bxa5 Nxc5 34.
Nc3 Nb3 35. Ra4 Nc5 36. Rd4 Nb3 37. Ra4 Nc5 38. Rd4 Nb3 1/2-1/2

[Event "2.BLO 1516 Bad Mergentheim - Nickelhüt"]
[Site "?"]
[Date "2016.03.12"]
[Round "3.4"]
[White "Panzalovic, Srdjan"]
[Black "Slobodjan, Roman"]
[Result "1/2-1/2"]
[WhiteElo "2438"]
[BlackElo "2462"]
[PlyCount "71"]
[EventDate "2016.??.??"]

1. c4 e5 2. Nc3 Nf6 3. g3 d5 4. cxd5 Nxd5 5. Bg2 Nb6 6. Nf3 Nc6 7. O-O Be7 8.
b3 O-O 9. Bb2 Bg4 10. Rc1 f5 11. d3 Bf6 12. Nd2 Kh8 13. Na4 Nxa4 14. bxa4 e4
15. Bxf6 Rxf6 16. Nb3 Rd6 17. Qe1 exd3 18. exd3 Nd4 19. Nxd4 Rxd4 20. Bxb7 Rb8
21. Bg2 Rxa4 22. h3 Bh5 23. Qe5 Qd6 24. Qxf5 Be2 25. Be4 g6 26. Qf7 Rf8 27. Qb3
Qd4 28. Rxc7 Bxf1 29. Rf7 Rxf7 30. Qxf7 Qd8 31. Kxf1 Ra6 32. h4 Qf6 33. Qe8+
Kg7 34. Bd5 h5 35. Qd7+ Kh8 36. Qe8+ 1/2-1/2

[Event "2.BLO 1516 Bad Mergentheim - Nickelhüt"]
[Site "?"]
[Date "2016.03.12"]
[Round "3.5"]
[White "Eichner, Sebastian"]
[Black "Gasthofer, Alexander"]
[Result "1/2-1/2"]
[WhiteElo "2359"]
[BlackElo "2439"]
[PlyCount "41"]
[EventDate "2016.??.??"]

1. d4 d5 2. c4 Nc6 3. Nf3 Bg4 4. Nc3 e6 5. cxd5 exd5 6. Bf4 Bd6 7. Bxd6 Qxd6 8.
e3 Nf6 9. Rc1 O-O 10. Be2 Ne7 11. O-O c6 12. h3 Bxf3 13. Bxf3 Nf5 14. Rb1 a5
15. Na4 Qe7 16. Nc5 Nd6 17. Qc2 Nd7 18. Rfc1 Nxc5 19. Qxc5 Rfe8 20. Be2 Qd7 21.
Bd3 1/2-1/2

[Event "2.BLO 1516 Bad Mergentheim - Nickelhüt"]
[Site "?"]
[Date "2016.03.12"]
[Round "3.6"]
[White "Gasthofer, Viktor"]
[Black "Spiess, Gunter"]
[Result "1/2-1/2"]
[WhiteElo "2310"]
[BlackElo "2416"]
[PlyCount "38"]
[EventDate "2016.??.??"]

1. c4 Nf6 2. Nc3 e6 3. Nf3 d5 4. cxd5 exd5 5. d4 c6 6. Bg5 Be7 7. Qc2 Na6 8. a3
Nc7 9. e3 Ne6 10. Bh4 g6 11. Bd3 Ng7 12. O-O O-O 13. b4 a6 14. Rab1 Bf5 15. a4
Rc8 16. Rfc1 Ne4 17. Bxe7 Qxe7 18. Nd2 Nd6 19. b5 axb5 1/2-1/2

[Event "2.BLO 1516 Bad Mergentheim - Nickelhüt"]
[Site "?"]
[Date "2016.03.12"]
[Round "3.7"]
[White "Londyn, Radek"]
[Black "Raps, Johannes"]
[Result "1/2-1/2"]
[WhiteElo "2407"]
[BlackElo "2172"]
[PlyCount "88"]
[EventDate "2016.??.??"]

1. d4 d5 2. c4 e6 3. Nc3 Nf6 4. Nf3 Be7 5. Bf4 O-O 6. e3 c6 7. Qc2 Nbd7 8. h3
Qa5 9. Nd2 Re8 10. Be2 Bf8 11. O-O e5 12. Bg3 exd4 13. exd4 dxc4 14. Nxc4 Qg5
15. Qb3 b5 16. Ne5 Nxe5 17. dxe5 Nh5 18. Ne4 Qh6 19. Bxh5 Qxh5 20. Qc2 Qg6 21.
Rac1 Bf5 22. Rfe1 c5 23. Qd3 Rad8 24. Qf3 Bxe4 25. Rxe4 Rd2 26. Re2 Red8 27.
Rxd2 Rxd2 28. Rd1 Qc2 29. Rxd2 Qxd2 30. Qb3 a6 31. Qc3 Qxc3 32. bxc3 g5 33. f4
gxf4 34. Bxf4 Kg7 35. Kf2 Kg6 36. g4 h5 37. Kf3 hxg4+ 38. Kxg4 b4 39. cxb4 cxb4
40. h4 a5 41. h5+ Kh7 42. Kf5 a4 43. Bd2 b3 44. axb3 axb3 1/2-1/2

[Event "2.BLO 1516 Bad Mergentheim - Nickelhüt"]
[Site "?"]
[Date "2016.03.12"]
[Round "3.8"]
[White "Gross, Willi"]
[Black "Wichmann, Cliff"]
[Result "1-0"]
[WhiteElo "2127"]
[BlackElo "2328"]
[PlyCount "101"]
[EventDate "2016.??.??"]

1. d4 d5 2. c4 c6 3. cxd5 cxd5 4. Bf4 Nc6 5. e3 Nf6 6. Nc3 a6 7. Bd3 Bg4 8.
Nge2 e6 9. O-O Bd6 10. f3 Bh5 11. Rc1 O-O 12. Na4 Bg6 13. Bxg6 hxg6 14. Bxd6
Qxd6 15. Nc5 b6 16. Nd3 Rfc8 17. Qd2 Nd7 18. b3 e5 19. dxe5 Ndxe5 20. Ndf4 Ne7
21. e4 Rxc1 22. Rxc1 Rd8 23. Nxd5 Nxd5 24. Rd1 Qc5+ 25. Kh1 Nc6 26. exd5 Ne7
27. Nc3 Nc8 28. Ne4 Qb5 29. d6 Qd7 30. Qd5 Kf8 31. h3 a5 32. a4 Qf5 33. Qc6 Qd7
34. Qd5 Qf5 35. Qd4 Qd7 36. Rd2 Re8 37. Rc2 Rd8 38. Rd2 Re8 39. Nc3 Rd8 40. Nb5
Qe6 41. Qh4 Rxd6 42. Nxd6 Nxd6 43. Qd8+ Ne8 44. Qd5 Qe1+ 45. Kh2 Kg8 46. Rd4
Nf6 47. Qd6 g5 48. Rd1 Qf2 49. Qd4 Qa2 50. Qxb6 Kh7 51. Qe3 1-0

[Event "2.BLO 1516 SC Garching - AE Magdeburg"]
[Site "?"]
[Date "2016.03.13"]
[Round "4.1"]
[White "Heinemann, Josefine"]
[Black "Stocek, Jiri"]
[Result "0-1"]
[WhiteElo "2258"]
[BlackElo "2531"]
[PlyCount "114"]
[EventDate "2016.??.??"]

1. e4 e5 2. Nf3 Nc6 3. Bb5 a6 4. Ba4 Nf6 5. O-O Be7 6. Re1 d6 7. c3 Bg4 8. d3
O-O 9. Nbd2 Nd7 10. h3 Bh5 11. Nf1 Nc5 12. Bc2 d5 13. Ng3 Bg6 14. Be3 Re8 15.
Rc1 Bf8 16. Bg5 f6 17. Be3 dxe4 18. dxe4 Qxd1 19. Rcxd1 Bf7 20. b4 Ne6 21. Bb3
Red8 22. Bd5 Nf4 23. Bxf7+ Kxf7 24. Kf1 b5 25. Bxf4 exf4 26. Ne2 g5 27. Ned4
Nxd4 28. Nxd4 c5 29. bxc5 Bxc5 30. e5 fxe5 31. Rxe5 Bxd4 32. cxd4 Kf6 33. Rc5
Rd6 34. g3 fxg3 35. fxg3 Rad8 36. Kf2 Rxd4 37. Rc6+ Ke5 38. Re1+ Kd5 39. Rxa6
Rf8+ 40. Ke2 Re8+ 41. Kf1 Rf8+ 42. Ke2 Re4+ 43. Kd1 Rb4 44. Ree6 Rb2 45. Red6+
Ke4 46. Rd2 Rf1+ 47. Ke2 Rf2+ 48. Kxf2 Rxd2+ 49. Ke1 Rh2 50. Rh6 g4 51. Rxh7
gxh3 52. Kf1 Kf3 53. Kg1 Rg2+ 54. Kh1 Rxa2 55. Rxh3 Kg4 56. Rh8 b4 57. Kg1 b3
0-1

[Event "2.BLO 1516 SC Garching - AE Magdeburg"]
[Site "?"]
[Date "2016.03.13"]
[Round "4.2"]
[White "Loetscher, Roland"]
[Black "Andre, Gordon"]
[Result "1-0"]
[WhiteElo "2429"]
[BlackElo "2240"]
[PlyCount "105"]
[EventDate "2016.??.??"]

1. d4 d5 2. c4 c6 3. Nf3 Nf6 4. Nbd2 e6 5. g3 Be7 6. Bg2 O-O 7. O-O b6 8. Qc2
Bb7 9. Rd1 Nbd7 10. e4 Rc8 11. b3 Qc7 12. e5 Ne8 13. Bb2 c5 14. Rac1 cxd4 15.
Bxd4 dxc4 16. Qb1 Qb8 17. Nxc4 Nc5 18. Qb2 Qa8 19. Qe2 Ne4 20. Ne1 Nc5 21. b4
Na6 22. a3 Bxg2 23. Nxg2 Qb7 24. Nf4 Rd8 25. Bb2 Rxd1+ 26. Rxd1 Nb8 27. h4 g6
28. Nd6 Qc6 29. b5 Qc7 30. Rc1 Qd7 31. Ne4 Ng7 32. Rd1 Qc7 33. Nf6+ Bxf6 34.
exf6 Nf5 35. h5 Rd8 36. Rxd8+ Qxd8 37. a4 Nd4 38. Qe4 e5 39. Nd5 Ne6 40. Bxe5
Nd7 41. Ne7+ Kf8 42. Nc6 Qa8 43. Qb4+ Nec5 44. Bd6+ Ke8 45. Bxc5 Nxc5 46. Qd4
Kf8 47. Qd6+ Kg8 48. Ne7+ Kh8 49. hxg6 fxg6 50. f7 Kg7 51. Nd5 Qf8 52. Qf6+ Kh6
53. Ne3 1-0

[Event "2.BLO 1516 SC Garching - AE Magdeburg"]
[Site "?"]
[Date "2016.03.13"]
[Round "4.3"]
[White "Woellermann, Jan"]
[Black "Koepke, Christian"]
[Result "1-0"]
[WhiteElo "2370"]
[BlackElo "2319"]
[PlyCount "129"]
[EventDate "2016.??.??"]

1. d4 Nf6 2. c4 g6 3. Nc3 Bg7 4. e4 d6 5. Nf3 O-O 6. Be2 e5 7. Be3 Ng4 8. Bg5
f6 9. Bh4 Nc6 10. d5 Ne7 11. Nd2 h5 12. h3 Nh6 13. g4 hxg4 14. hxg4 Nf7 15. Qb3
c5 16. O-O-O a6 17. Na4 b5 18. cxb5 axb5 19. Bxb5 g5 20. Bg3 Bxg4 21. f3 Bc8
22. Nc4 Rb8 23. Nc3 f5 24. Qc2 f4 25. Qh2 Bh6 26. Bf2 Ng6 27. Rdg1 Kg7 28. Kc2
Rh8 29. Qg2 Qf6 30. Qf1 Qd8 31. a4 Kg8 32. a5 Ra8 33. b4 cxb4 34. Bb6 Qe7 35.
Na2 g4 36. Bc6 b3+ 37. Kxb3 Rb8 38. fxg4 Ng5 39. Qd3 f3 40. Rh2 Nf4 41. Qc2 f2
42. Rxf2 Ngh3 43. Rh1 Nxf2 44. Qxf2 Nd3 45. Qe2 Nc5+ 46. Kc2 Na6 47. Qf3 Bf4
48. Rxh8+ Kxh8 49. Qh3+ Kg7 50. Nc3 Bd7 51. Kb3 Ra8 52. Qf3 Rh8 53. Bf2 Rh2 54.
Nb5 Rh6 55. Nb6 Nb8 56. Nxd7 Nxd7 57. a6 Nc5+ 58. Bxc5 dxc5 59. a7 c4+ 60. Kxc4
Rxc6+ 61. dxc6 Qe6+ 62. Kc5 Qa2 63. Kb6 Bd2 64. Kb7 Qa5 65. Qd3 1-0

[Event "2.BLO 1516 SC Garching - AE Magdeburg"]
[Site "?"]
[Date "2016.03.13"]
[Round "4.4"]
[White "Bredl, Harald"]
[Black "Melamed, Tatjana"]
[Result "1/2-1/2"]
[WhiteElo "2362"]
[BlackElo "2301"]
[PlyCount "59"]
[EventDate "2016.??.??"]

1. d4 Nf6 2. Bg5 Ne4 3. Bf4 c5 4. f3 Nf6 5. d5 Nh5 6. Be3 d6 7. Nc3 e6 8. Qd2
Be7 9. Bf2 Nf6 10. e4 exd5 11. exd5 O-O 12. Bd3 Nbd7 13. Nge2 Ne5 14. Ng3 Nxd3+
15. Qxd3 Rb8 16. a4 a6 17. O-O b5 18. axb5 axb5 19. b4 cxb4 20. Na2 Nd7 21.
Nxb4 Ne5 22. Qb3 Qc7 23. Ra7 Rb7 24. Rfa1 Re8 25. Rxb7 Bxb7 26. Ra7 Ra8 27.
Rxa8+ Bxa8 28. Nf5 Bd8 29. Nd4 Qa5 30. Kf1 1/2-1/2

[Event "2.BLO 1516 SC Garching - AE Magdeburg"]
[Site "?"]
[Date "2016.03.13"]
[Round "4.5"]
[White "Paul, Johannes"]
[Black "Levushkina, Elena"]
[Result "1/2-1/2"]
[WhiteElo "2285"]
[BlackElo "2303"]
[PlyCount "95"]
[EventDate "2016.??.??"]

1. c4 e5 2. g3 Nf6 3. Bg2 h6 4. Nc3 Bb4 5. Nf3 Bxc3 6. bxc3 d6 7. d3 O-O 8. e4
Nbd7 9. O-O Nc5 10. Be3 b6 11. h3 Re8 12. Qd2 c6 13. Rae1 Rb8 14. Re2 Be6 15.
Rfe1 Ncd7 16. Nh4 Nf8 17. Nf5 Bxf5 18. exf5 Qd7 19. g4 N8h7 20. f4 exf4 21.
Bxf4 Rxe2 22. Rxe2 Re8 23. Qe1 Rxe2 24. Qxe2 d5 25. Qe5 dxc4 26. Qb8+ Nf8 27.
dxc4 Qe7 28. Kh2 N6d7 29. Qxa7 Qe2 30. Qc7 c5 31. Qd6 Qxc4 32. Qd2 Nf6 33. Bf3
Ne4 34. Qc2 Nxc3 35. Bd2 Qxa2 36. Qxc3 b5 37. Be4 b4 38. Qc2 Qa7 39. Qc4 Nd7
40. Be3 Qb8+ 41. Kg2 b3 42. Bb1 Qe5 43. Qxb3 c4 44. Qa3 Qd5+ 45. Kg3 Qe5+ 46.
Kg2 Qd5+ 47. Kg3 Qe5+ 48. Kg2 1/2-1/2

[Event "2.BLO 1516 SC Garching - AE Magdeburg"]
[Site "?"]
[Date "2016.03.13"]
[Round "4.6"]
[White "Seifert, Volker"]
[Black "Schoene, Maria"]
[Result "0-1"]
[WhiteElo "2366"]
[BlackElo "2265"]
[PlyCount "60"]
[EventDate "2016.??.??"]

1. d4 Nf6 2. c4 g6 3. Nc3 Bg7 4. e4 d6 5. f3 O-O 6. Be3 a6 7. Nge2 Nbd7 8. d5
e5 9. g4 b5 10. cxb5 axb5 11. Nxb5 Ba6 12. Nec3 Ne8 13. Bd3 Bh6 14. Bxh6 Qh4+
15. Kf1 Qxh6 16. Kg2 Nc5 17. Bc2 c6 18. dxc6 Ne6 19. Rg1 Nf4+ 20. Kh1 Nh3 21.
Qc1 Qh4 22. Rg3 Rc8 23. Qf1 Nf4 24. Qc4 Nc7 25. a4 Nce6 26. Nd5 Nd4 27. Bd1
Rxc6 28. Qb4 Nc2 29. Qd2 Nxa1 30. Na7 Rc4 0-1

[Event "2.BLO 1516 SC Garching - AE Magdeburg"]
[Site "?"]
[Date "2016.03.13"]
[Round "4.7"]
[White "Sieber, Fiona"]
[Black "Schmitz, Thorsten"]
[Result "1-0"]
[WhiteElo "2168"]
[BlackElo "2315"]
[PlyCount "149"]
[EventDate "2016.??.??"]

1. e4 d6 2. d4 Nf6 3. Nc3 Nbd7 4. Nge2 e5 5. f3 c6 6. Be3 Be7 7. Ng3 exd4 8.
Qxd4 O-O 9. Nf5 d5 10. O-O-O Bc5 11. Qd2 Bxe3 12. Qxe3 Nb6 13. Qg5 Bxf5 14.
Qxf5 Qc8 15. Qf4 dxe4 16. Nxe4 Nxe4 17. Qxe4 Re8 18. Qh4 Qe6 19. Bd3 g6 20. Kb1
Qe7 21. Qxe7 Rxe7 22. Rhe1 Rae8 23. Re4 Kg7 24. Kc1 f5 25. Rxe7+ Rxe7 26. Kd2
Nd5 27. Re1 Rxe1 28. Kxe1 Kf6 29. Kd2 g5 30. g3 Ke5 31. c3 h5 32. Bc4 f4 33.
Ke2 Nb6 34. Bb3 Nd7 35. Bf7 fxg3 36. hxg3 h4 37. f4+ Kf6 38. Be8 h3 39. Kf1 Nc5
40. fxg5+ Kxg5 41. Kg1 Na4 42. Bd7 Nxb2 43. Bxh3 Nd1 44. c4 c5 45. Bc8 b6 46.
Ba6 Nc3 47. a3 Ne4 48. Kg2 Nd6 49. Kf3 Kf5 50. a4 Ke5 51. Ke3 Ne4 52. g4 Ng5
53. Bc8 Nf7 54. Bd7 Nd6 55. Bb5 a5 56. Ba6 Ne4 57. Bb7 Nc3 58. Bc6 Nd1+ 59. Ke2
Nb2 60. Bb5 Kd4 61. Kf3 Ke5 62. g5 Kf5 63. Ke2 Kxg5 64. Kd2 Kf4 65. Kc2 Nxc4
66. Bxc4 Ke4 67. Kc3 Ke5 68. Bf1 Ke4 69. Kc4 Ke3 70. Kb5 Kd4 71. Kxb6 c4 72.
Be2 c3 73. Bd1 Kc4 74. Kxa5 Kc5 75. Bc2 1-0

[Event "2.BLO 1516 SC Garching - AE Magdeburg"]
[Site "?"]
[Date "2016.03.13"]
[Round "4.8"]
[White "Rusche, Johannes"]
[Black "Roseneck, Jonas"]
[Result "1-0"]
[WhiteElo "2254"]
[BlackElo "2050"]
[PlyCount "67"]
[EventDate "2016.??.??"]

1. e4 c5 2. c3 Nf6 3. e5 Nd5 4. Nf3 d6 5. exd6 Qxd6 6. d4 cxd4 7. Nxd4 a6 8.
Nd2 e6 9. Nc4 Qc7 10. a4 b6 11. Bd3 Be7 12. O-O Nd7 13. Re1 O-O 14. Qh5 N7f6
15. Qh4 Bb7 16. Ne5 Bd6 17. Ng4 Be7 18. Bg5 h6 19. Nxh6+ gxh6 20. Bxh6 Ne8 21.
Qg4+ Kh8 22. Bxf8 Bxf8 23. Qh5+ Kg7 24. Qg5+ Kh8 25. Qh4+ Kg7 26. Rxe6 fxe6 27.
Nxe6+ Kf7 28. Nxc7 Nexc7 29. Qh5+ Ke7 30. Re1+ Kd7 31. Bf5+ Kc6 32. Qf7 Rd8 33.
c4 Ne7 34. Be4+ 1-0

[Event "2.BLO 1516 MSA Zugzwang - SG Leipzig"]
[Site "?"]
[Date "2016.03.13"]
[Round "4.1"]
[White "Voigt, Roland"]
[Black "Kindermann, Stefan"]
[Result "1/2-1/2"]
[WhiteElo "2447"]
[BlackElo "2514"]
[PlyCount "48"]
[EventDate "2016.??.??"]

1. c4 f5 2. Nf3 Nf6 3. g3 d6 4. Bg2 g6 5. Nc3 Bg7 6. O-O O-O 7. d4 c6 8. Qc2
Na6 9. Rd1 Qc7 10. a3 e5 11. dxe5 dxe5 12. b4 e4 13. Nd4 Qf7 14. c5 Nc7 15. Bf4
Ne6 16. Be5 Nxd4 17. Bxd4 Be6 18. Rab1 Rfd8 19. Be5 Ng4 20. Bxg7 Qxg7 21. Bh3
Nf6 22. Rxd8+ Rxd8 23. Rd1 Rxd1+ 24. Qxd1 Qd7 {(=)} 1/2-1/2

[Event "2.BLO 1516 MSA Zugzwang - SG Leipzig"]
[Site "?"]
[Date "2016.03.13"]
[Round "4.2"]
[White "Hertneck, Gerald"]
[Black "Langrock, Hannes"]
[Result "1/2-1/2"]
[WhiteElo "2461"]
[BlackElo "2410"]
[PlyCount "39"]
[EventDate "2016.??.??"]

1. d4 d5 2. c4 e6 3. Nf3 Nf6 4. Nc3 dxc4 5. e3 a6 6. a4 c5 7. Bxc4 Nc6 8. O-O
Be7 9. dxc5 O-O 10. e4 Qc7 11. Qe2 Ng4 12. g3 Bxc5 13. Bf4 e5 14. Nd5 Qd6 15.
Bd2 Nf6 16. b4 Ba7 17. b5 Nxd5 18. bxc6 Nf6 19. cxb7 Bxb7 20. Bc3 {(=)} 1/2-1/2

[Event "2.BLO 1516 MSA Zugzwang - SG Leipzig"]
[Site "?"]
[Date "2016.03.13"]
[Round "4.3"]
[White "Rausch, Stephan"]
[Black "Zysk, Robert"]
[Result "1/2-1/2"]
[WhiteElo "2283"]
[BlackElo "2386"]
[PlyCount "41"]
[EventDate "2016.??.??"]

1. d4 Nf6 2. Nf3 d5 3. Bg5 c6 4. Nbd2 Bf5 5. e3 Nbd7 6. Bd3 Bxd3 7. cxd3 e6 8.
O-O Be7 9. Rb1 a5 10. a3 O-O 11. Qc2 Ne8 12. Bxe7 Qxe7 13. Rfc1 Nd6 14. Nb3 f5
15. Nc5 Nxc5 16. Qxc5 Qd8 17. g3 a4 18. Kg2 Ra5 19. Qb4 Qc7 20. Rc5 Ra7 21.
Rbc1 {(=)} 1/2-1/2

[Event "2.BLO 1516 MSA Zugzwang - SG Leipzig"]
[Site "?"]
[Date "2016.03.13"]
[Round "4.4"]
[White "Gerigk, Erasmus"]
[Black "Liedtke, Matthias"]
[Result "1/2-1/2"]
[WhiteElo "2387"]
[BlackElo "2244"]
[PlyCount "81"]
[EventDate "2016.??.??"]

1. e4 e6 2. d4 d5 3. Nd2 Be7 4. Ngf3 Nf6 5. e5 Nfd7 6. Bd3 c5 7. c3 Nc6 8. O-O
cxd4 9. cxd4 a5 10. Re1 a4 11. Nb1 Nb6 12. a3 Na5 13. Nc3 Bd7 14. Nd2 Bc6 15.
Qh5 Qd7 16. Rb1 g6 17. Qh6 Bf8 18. Qf4 Bg7 19. h4 h6 20. Qg3 Bf8 21. Nf3 Nb3
22. Be3 O-O-O 23. Nh2 Nc4 24. Ng4 Bg7 25. Qf4 Nxe3 26. fxe3 Qe7 27. Qg3 h5 28.
Nh2 Bh6 29. Nf3 g5 30. hxg5 Rdg8 31. Qh3 Bxg5 32. e4 Kb8 33. exd5 exd5 34. e6
Bf4 35. Qf5 Qc7 36. exf7 Rf8 37. Nxd5 Qxf7 38. Qxf7 Rxf7 39. Bc4 Bg3 40. Re2
Rff8 41. Rd1 {(=)} 1/2-1/2

[Event "2.BLO 1516 MSA Zugzwang - SG Leipzig"]
[Site "?"]
[Date "2016.03.13"]
[Round "4.5"]
[White "Boehnisch, Manfred"]
[Black "Lammers, Markus"]
[Result "1/2-1/2"]
[WhiteElo "2291"]
[BlackElo "2324"]
[PlyCount "84"]
[EventDate "2016.??.??"]

1. e4 c5 2. Nf3 e6 3. g3 Nc6 4. Bg2 Nf6 5. Qe2 Be7 6. O-O d5 7. exd5 exd5 8. d4
cxd4 9. Nbd2 Bg4 10. Nb3 Qb6 11. a4 O-O 12. Qb5 Rfc8 13. Qxb6 axb6 14. Nfxd4
Nxd4 15. Nxd4 Rc4 16. c3 Rcxa4 17. Rxa4 Rxa4 18. Bg5 h6 19. Be3 Ra2 20. Rb1 Bd7
21. Bf1 Ng4 22. Bf4 Bf6 23. Bd3 Ne5 24. Bc2 Nc4 25. Bb3 Ra8 26. Bc2 b5 27. Bf5
Be8 28. b3 Na3 29. Rd1 b4 30. cxb4 Nb5 31. Be3 Ra3 32. Bc2 Ra2 33. Nxb5 Bxb5
34. Rxd5 Bc6 35. Rd2 g6 36. f3 Bc3 37. Rf2 Be1 38. Rf1 Bxb4 39. Bd3 g5 40. Rf2
Ra1+ 41. Kg2 Rd1 42. Bf5 Bc3 {(=)} 1/2-1/2

[Event "2.BLO 1516 MSA Zugzwang - SG Leipzig"]
[Site "?"]
[Date "2016.03.13"]
[Round "4.6"]
[White "Eichler, Christoph"]
[Black "Schunk, Thomas"]
[Result "1/2-1/2"]
[WhiteElo "2349"]
[BlackElo "2197"]
[PlyCount "71"]
[EventDate "2016.??.??"]

1. Nf3 c5 2. e3 g6 3. d4 Bg7 4. Be2 Nf6 5. O-O Qc7 6. d5 O-O 7. Nc3 a6 8. a4 d6
9. h3 e5 10. Nd2 b6 11. e4 Ne8 12. Nc4 f5 13. f4 Nd7 14. Be3 Ra7 15. Qd2 exf4
16. Bxf4 Ne5 17. exf5 gxf5 18. Rae1 Qd8 19. Bg5 Nxc4 20. Bxc4 Bf6 21. Bxf6 Qxf6
22. Rf4 Re7 23. Rxe7 Qxe7 24. Qe2 Qxe2 25. Nxe2 Ng7 26. Rf3 Re8 27. Kf2 Re4 28.
b3 Nh5 29. Re3 Nf6 30. Rxe4 Nxe4+ 31. Ke3 Kf7 32. Kf4 Kf6 33. Bd3 Nf2 34. Bc4
Ne4 35. Bd3 Nf2 36. Bc4 1/2-1/2

[Event "2.BLO 1516 MSA Zugzwang - SG Leipzig"]
[Site "?"]
[Date "2016.03.13"]
[Round "4.7"]
[White "Schultz, Andreas"]
[Black "Hoffmeyer, Falk"]
[Result "0-1"]
[WhiteElo "2253"]
[BlackElo "2352"]
[PlyCount "82"]
[EventDate "2016.??.??"]

1. d4 Nf6 2. c4 c5 3. d5 b5 4. cxb5 a6 5. bxa6 g6 6. Nc3 Bxa6 7. g3 d6 8. Bg2
Bg7 9. Nf3 Nbd7 10. Rb1 Qa5 11. Bd2 Bb7 12. O-O O-O 13. Qc2 Qa7 14. e4 Ba6 15.
Rfd1 Ng4 16. Be1 c4 17. b4 cxb3 18. axb3 Rfc8 19. Rbc1 Qb6 20. h3 Nge5 21. Nd4
Bd3 22. Rxd3 Nxd3 23. Nc6 Nxc1 24. Qxc1 Qxb3 25. Bf1 Bf6 26. Nb5 Ne5 27. Nbd4
Nf3+ 28. Nxf3 Qxf3 29. Qc2 Qa3 30. Kg2 Qa4 31. Qxa4 Rxa4 32. Bd3 Rc7 33. Kf3
Ra3 34. Ke3 Bc3 35. Bxc3 Rxc3 36. Nd4 Rb7 37. f4 Kf8 38. h4 Ra3 39. g4 Rb2 40.
e5 Rh2 41. exd6 exd6 0-1

[Event "2.BLO 1516 MSA Zugzwang - SG Leipzig"]
[Site "?"]
[Date "2016.03.13"]
[Round "4.8"]
[White "Panteleev, Petar"]
[Black "Kreyssig, Robert"]
[Result "1/2-1/2"]
[WhiteElo "2239"]
[BlackElo "2224"]
[PlyCount "46"]
[EventDate "2016.??.??"]

1. d4 Nf6 2. Nf3 c5 3. d5 g6 4. c4 b5 5. cxb5 a6 6. bxa6 Bg7 7. Nc3 O-O 8. e4
Qa5 9. Bd3 Nxd5 10. exd5 Bxc3+ 11. Bd2 Bxd2+ 12. Qxd2 Qxd2+ 13. Kxd2 d6 14.
Rhe1 Ra7 15. a3 Bxa6 16. b4 Bxd3 17. Kxd3 Nd7 18. Ke2 Rfa8 19. bxc5 dxc5 20.
Kf1 Nb6 21. Rac1 c4 22. Ne5 Rxa3 23. Nxc4 Nxc4 1/2-1/2

[Event "2.BLO 1516 SK Göggingen - SC Forchheim"]
[Site "?"]
[Date "2016.03.13"]
[Round "4.1"]
[White "Jirovsky, Milos"]
[Black "Nestorovic, Nikola"]
[Result "0-1"]
[WhiteElo "2455"]
[BlackElo "2492"]
[PlyCount "113"]
[EventDate "2016.??.??"]

1. Nf3 d5 2. d4 Nf6 3. c4 e6 4. e3 a6 5. Nbd2 Nbd7 6. b3 Be7 7. Bb2 O-O 8. Bd3
b6 9. O-O Bb7 10. Qe2 c5 11. cxd5 Nxd5 12. Rac1 cxd4 13. Nxd4 Nc5 14. Bb1 Bf6
15. Rfd1 Rc8 16. Ne4 Nxe4 17. Bxe4 Rxc1 18. Rxc1 Qa8 19. Bf3 g6 20. Bxd5 Bxd5
21. f3 Bg7 22. Qc2 Rd8 23. Qc7 Qb8 24. Qxb8 Rxb8 25. Rc2 Rd8 26. Kf2 Bf8 27.
Ne2 Be7 28. Bd4 Rb8 29. Nf4 Ba8 30. Nd3 f6 31. Rc7 Kf7 32. Nb4 a5 33. Na6 Rb7
34. Rc8 e5 35. Bxe5 Ra7 36. Rc7 Rxc7 37. Bxc7 Bb7 38. Nb8 Ke6 39. Bxb6 Bd6 40.
Bxa5 Bxb8 41. Bc3 f5 42. h3 Ba7 43. h4 Ba6 44. Bd2 Bd3 45. Ke1 Bb1 46. Kd1 Kd5
47. a4 Bd3 48. b4 Kc4 49. g4 fxg4 50. fxg4 Bb8 51. h5 gxh5 52. gxh5 Bd6 53. Be1
Kb3 54. h6 Kxa4 55. Bc3 Be4 56. Ke2 Kb5 57. Bd4 0-1

[Event "2.BLO 1516 SK Göggingen - SC Forchheim"]
[Site "?"]
[Date "2016.03.13"]
[Round "4.2"]
[White "Stankovic, Milos"]
[Black "Jansa, Vlastimil"]
[Result "1/2-1/2"]
[WhiteElo "2406"]
[BlackElo "2448"]
[PlyCount "43"]
[EventDate "2016.??.??"]

1. e4 c5 2. Nf3 e6 3. d4 cxd4 4. Nxd4 Nc6 5. Nc3 a6 6. Be2 d6 7. Be3 Nf6 8. f4
Be7 9. O-O O-O 10. Kh1 Bd7 11. Qe1 b5 12. Bf3 Rc8 13. Nb3 Nb4 14. Rf2 Qc7 15.
a3 Nc6 16. Rd2 Qb8 17. Rad1 Rfd8 18. Qf2 Be8 19. Ne2 Nd7 20. Ned4 Nc5 21. Nxc5
dxc5 22. Nxc6 1/2-1/2

[Event "2.BLO 1516 SK Göggingen - SC Forchheim"]
[Site "?"]
[Date "2016.03.13"]
[Round "4.3"]
[White "Seyb, Alexander"]
[Black "Arnaudov, G. Petar"]
[Result "1/2-1/2"]
[WhiteElo "2414"]
[BlackElo "2446"]
[PlyCount "163"]
[EventDate "2016.??.??"]

1. e4 e5 2. Nf3 Nc6 3. Bb5 a6 4. Ba4 Nf6 5. O-O Be7 6. Re1 b5 7. Bb3 d6 8. c3
O-O 9. h3 Bb7 10. d4 Nd7 11. a3 Bf6 12. d5 Ne7 13. c4 bxc4 14. Bxc4 g6 15. Nc3
Bg7 16. h4 Nf6 17. Bd2 h6 18. Rc1 Ng4 19. Ng5 Bc8 20. Be2 hxg5 21. hxg5 f5 22.
f3 f4 23. fxg4 Bd7 24. Rf1 Qb8 25. Be1 Qxb2 26. Qc2 Rfb8 27. Bf2 Bf8 28. Qxb2
Rxb2 29. Rb1 Rxb1 30. Rxb1 c5 31. dxc6 Bxc6 32. Rb6 a5 33. a4 Kf7 34. Nb5 d5
35. exd5 Bxd5 36. Bf3 Bxf3 37. gxf3 Nd5 38. Rc6 Rd8 39. Kf1 Be7 40. Be1 e4 41.
fxe4 Ne3+ 42. Ke2 Nxg4 43. Rc7 Ke6 44. Bxa5 Ra8 45. Bc3 Rxa4 46. Kf3 Ne3 47.
Nd4+ Kd6 48. Nb5+ Ke6 49. Rc6+ Kf7 50. Bf6 Bxf6 51. Rxf6+ Kg7 52. Nc7 Nc4 53.
Kxf4 Ra1 54. Ra6 Rxa6 55. Nxa6 Kf7 56. Nc5 Ke7 57. e5 Kf7 58. Ke4 Ke7 59. Nd3
Nd2+ 60. Ke3 Nc4+ 61. Kd4 Nd2 62. Ke3 Nc4+ 63. Ke4 Nd2+ 64. Kf4 Nc4 65. Nc5 Kf7
66. Nb3 Ke6 67. Nd4+ Kd5 68. Nf3 Nb2 69. Ne1 Nc4 70. Nd3 Kd4 71. e6 Kxd3 72. e7
Nd6 73. Ke5 Ne8 74. Ke6 Ke4 75. Kf7 Nd6+ 76. Kxg6 Ke5 77. Kh7 Ke6 78. g6 Kxe7
79. g7 Ne8 80. g8=Q Nf6+ 81. Kg7 Nxg8 82. Kxg8 1/2-1/2

[Event "2.BLO 1516 SK Göggingen - SC Forchheim"]
[Site "?"]
[Date "2016.03.13"]
[Round "4.4"]
[White "Pitl, Gregory"]
[Black "Rupprecht, Andreas"]
[Result "1/2-1/2"]
[WhiteElo "2406"]
[BlackElo "2422"]
[PlyCount "51"]
[EventDate "2016.??.??"]

1. e4 e6 2. d4 d5 3. Nc3 h6 4. Bd3 c5 5. exd5 exd5 6. dxc5 Nf6 7. Be3 Nc6 8.
Bb5 Be7 9. h3 O-O 10. Nge2 Ne5 11. Nf4 Nc4 12. Bxc4 dxc4 13. Qe2 b5 14. cxb6
axb6 15. Qxc4 Ba6 16. Qd4 Qc8 17. O-O-O Bc5 18. Qd2 Bb4 19. Bd4 Ne4 20. Qe3
Nxc3 21. Bxc3 Re8 22. Qd4 Bxc3 23. Qxc3 Qxc3 24. bxc3 Bc4 25. Rhe1 Rxe1 26.
Rxe1 1/2-1/2

[Event "2.BLO 1516 SK Göggingen - SC Forchheim"]
[Site "?"]
[Date "2016.03.13"]
[Round "4.5"]
[White "Schramm, Christian"]
[Black "Rooze, Jan"]
[Result "1-0"]
[WhiteElo "2386"]
[BlackElo "2300"]
[PlyCount "87"]
[EventDate "2016.??.??"]

1. e4 g6 2. d4 Bg7 3. Nf3 d6 4. h3 Nf6 5. Nc3 O-O 6. Be3 a6 7. a4 b6 8. Bc4 Bb7
9. e5 Ne8 10. e6 f5 11. Qd2 Nc6 12. Bh6 Nf6 13. Bxg7 Kxg7 14. d5 Nb4 15. Bb3 c6
16. Ng5 Nbxd5 17. Nxd5 cxd5 18. Nf7 Qc8 19. Qh6+ Kg8 20. Ng5 Qc5 21. O-O-O Qxf2
22. h4 d4 23. h5 gxh5 24. Kb1 Qe2 25. Rxd4 Rac8 26. Nxh7 Qxg2 27. Rdd1 Qg7 28.
Nxf6+ Rxf6 29. Qxh5 Bxh1 30. Rxh1 Kf8 31. Qf3 Kg8 32. Qh5 Kf8 33. Qh8+ Qg8 34.
Rh7 Re8 35. Ka2 f4 36. Qxf6+ exf6 37. e7+ Rxe7 38. Bxg8 Re2 39. Bc4 Rxc2 40.
Kb3 Rg2 41. Rf7+ Ke8 42. Rxf6 Rg3+ 43. Kb4 f3 44. Bd5 1-0